000 00402nam a2200181Ia 4500
008 240510s9999 xx 000 0 und d
020 _a0009555530238
041 _asih
082 _a891.483
082 _bK13
100 _aKAHADAGAMAGE, Piyasena
245 0 _aWanagatha Charika
260 _bColombo : Ariya Publishers
260 _c1999
300 _a144 p.
942 _2ddc
942 _cLBK
999 _c28362
_d28362
945 _a1
_bMadushi Gamage
_c1
_dMadushi Gamage